The fundamentals of college chemical

Bibliographic Details
Main Author: King, Brooks G
Format: Section = Libro
Language:Undetermined
Spanish
Published: United States American Book Company 1954
Edition:2a.ed.
Subjects:
LEADER 00514nam a2200205Ia 4500
008 240830s9999 xx 000 0 und d
040 |a CEDOC FIQ-RUSB / 540 K52 
041 |a spa 
082 |a 540 K52 
100 1 |a King, Brooks G 
245 1 4 |a The fundamentals of college chemical 
250 |a 2a.ed. 
260 |a United States  |b American Book Company  |c 1954 
300 |a 589 p.: il. 
650 7 |a QUÍMICA GENERAL 
650 7 |b  OXIGENO 
650 7 |c  HIDRÓGENO 
942 |c BK  |2 ddc 
991 |a TEXTO 
999 |c 13861